| 000 | 00395nam a2200157 4500 | ||
|---|---|---|---|
| 008 | 190208s2014||||xo d | ||
| 100 | 1 |
_aKlátik Miloš _9885 |
|
| 245 | 1 | 0 | _aLudovít Štúr a jeho doba |
| 250 | _a1. vydanie | ||
| 260 |
_bTranoscius _aLiptovský Mikuláš _c2014 |
||
| 300 | _a160 s. | ||
| 020 |
_a978-80-7140-478-1 _c0 |
||
| 041 | 1 | _aslo | |
| 044 |
_axo _cSK |
||
| 958 | _aAPR | ||
| 999 |
_c22128 _d22128 |
||